| 000 -ლიდერი |
| ფიქსირებული სიგრძის საკონტროლო ველი |
01291nam a2200241Ia 4500 |
| 001 - საკონტროლო ნომერი |
| საკონტროლო ველი |
2296 |
| 003 - საკონტროლო ნომრის იდენტიფიკატორი |
| საკონტროლო ველი |
GE_BSU |
| 005 - ბოლო ოპერაციის თარიღი და დრო |
| საკონტროლო ველი |
20190527211839.0 |
| 008 - ფიქსირებული სიგრძის მონაცემთა ელემენტები - ზოგადი ინფორმაცია |
| ფიქსირებული სიგრძის საკონტროლო ველი |
181216s2011||||ge |||||||||||||| ||geo|| |
| 020 ## - წიგნის საერთაშორისო სტანდარტული ნომერი |
| International Standard Book Number |
978994103544 |
| 040 ## - კატალოგიზაციის წყარო |
| Transcribing agency |
GE_BSU |
| 041 ## - ენის კოდი |
| Language code of text/sound track or separate title |
geo |
| 080 ## - უნივერსალური ათობითი კლასიფიკაციის ინდექსი |
| Universal Decimal Classification number |
37.01(032) ზ–97 |
| 100 ## - მთავარი ჩანაწერი - პიროვნების სახელი |
| Personal name |
ზურაბიშვილი, დავით |
| 9 (RLIN) |
1692 |
| 245 ## - ცნობა სათაურის შესახებ |
| Title |
სამოქალაქო განათლბის ლექსიკონი / |
| Statement of responsibility, etc |
ავტ.: დავით ზურაბიშვილი, გიორგი გობრონიძე ; რედ. ხათუნა ყვირალაშვილი. საიას იურიდ. განათლ. ხელშეწყობის ფონდი. |
| 264 ## - წარმოების, გამოცემის, დისტრიბუციის და სხვა ცნობები |
| გამოცემის, წარმოების, დისტრიბუციის... ადგილი |
თბილისი : |
| გამოცემის, წარმოების, დისტრიბუციის... სახელწოდება |
შპს სეზანი, |
| გამოცემის, წარმოების, დისტრიბუციის... თარიღი |
2011. |
| 300 ## - ფიზიკური აღწერა |
| Extent |
304 გვ.; |
| Other physical details |
21 სმ.. |
| 653 ## - INDEX TERM--UNCONTROLLED |
| Uncontrolled term |
სამოქალაქო განათლება |
| 700 ## - ADDED ENTRY--PERSONAL NAME |
| Personal name |
გობრონიძე, გიორგი |
| Relator term |
ავტორი |
| 9 (RLIN) |
1693 |
| 700 ## - ADDED ENTRY--PERSONAL NAME |
| Personal name |
ყვირალაშვილი, ხათუნა |
| Relator term |
რედაქტორი |
| 9 (RLIN) |
1694 |
| 710 ## - ADDED ENTRY--CORPORATE NAME |
| Corporate name or jurisdiction name as entry element |
საიას იურიდ. განათლ. ხელშეწყობის ფონდი |
| 9 (RLIN) |
1695 |
| 942 ## - ADDED ENTRY ELEMENTS (KOHA) |
| Koha item type |
წიგნი |
| Source of classification or shelving scheme |
|